|
|
|
|
| LEADER |
02327nam a22004575i 4500 |
| 001 |
978-3-540-30319-0 |
| 003 |
DE-He213 |
| 005 |
20151204170815.0 |
| 007 |
cr nn 008mamaa |
| 008 |
100301s2006 gw | s |||| 0|eng d |
| 020 |
|
|
|a 9783540303190
|9 978-3-540-30319-0
|
| 024 |
7 |
|
|a 10.1007/3-540-30319-7
|2 doi
|
| 040 |
|
|
|d GrThAP
|
| 050 |
|
4 |
|a RD1-811
|
| 072 |
|
7 |
|a MN
|2 bicssc
|
| 072 |
|
7 |
|a MED085000
|2 bisacsh
|
| 082 |
0 |
4 |
|a 617
|2 23
|
| 100 |
1 |
|
|a Resch, Klaus Dieter Maria.
|e author.
|
| 245 |
1 |
0 |
|a Transendoscopic Ultrasound for Neurosurgery
|h [electronic resource] /
|c by Klaus Dieter Maria Resch.
|
| 264 |
|
1 |
|a Berlin, Heidelberg :
|b Springer Berlin Heidelberg,
|c 2006.
|
| 300 |
|
|
|a VIII, 146 p.
|b online resource.
|
| 336 |
|
|
|a text
|b txt
|2 rdacontent
|
| 337 |
|
|
|a computer
|b c
|2 rdamedia
|
| 338 |
|
|
|a online resource
|b cr
|2 rdacarrier
|
| 347 |
|
|
|a text file
|b PDF
|2 rda
|
| 505 |
0 |
|
|a Basics and Evolution of Endoneurosurgery -- Anatomy -- Clinical Application -- ENS Clips -- Future Concepts for Minimally Invasive Techniques in Neurosurgery.
|
| 520 |
|
|
|a Endoscopic neurosurgery has not yet reached the safety and applicability of microsurgery. Endo-neuro-sonography is a new technique aimed at making endoscopy safer by real-time imaging and navigation capacity (brain-radar). The endo-neurosonographic image is a sonographic scan at the tip of the endoscope (mini-CT) providing additional information to the endoscopic view. Endo-Neuro-Sonography is the first book on this new topic, presenting techniques and equipment, anatomical features, and the first clinical series. Schematic drawings, tables and 237 figures (122 in color) offer a precise overview of this technique. The final chapter is dealing with future concepts on minimally invasive neurosurgery and specific reference to ergonomics in neurosurgery.
|
| 650 |
|
0 |
|a Medicine.
|
| 650 |
|
0 |
|a Neuroradiology.
|
| 650 |
|
0 |
|a Neurosurgery.
|
| 650 |
|
0 |
|a Surgery.
|
| 650 |
1 |
4 |
|a Medicine & Public Health.
|
| 650 |
2 |
4 |
|a Surgery.
|
| 650 |
2 |
4 |
|a Neurosurgery.
|
| 650 |
2 |
4 |
|a Neuroradiology.
|
| 710 |
2 |
|
|a SpringerLink (Online service)
|
| 773 |
0 |
|
|t Springer eBooks
|
| 776 |
0 |
8 |
|i Printed edition:
|z 9783540425052
|
| 856 |
4 |
0 |
|u http://dx.doi.org/10.1007/3-540-30319-7
|z Full Text via HEAL-Link
|
| 912 |
|
|
|a ZDB-2-SME
|
| 950 |
|
|
|a Medicine (Springer-11650)
|